Un materialismo queer è possibile e altri scritti politici /
Sábháilte in:
| Príomhchruthaitheoir: | |
|---|---|
| Formáid: | LEABHAR |
| Teanga: | Iodáilis |
| Foilsithe / Cruthaithe: |
Milano ; Udine :
Mimesis,
©2024
|
| Sraith: | Mimesis
|
| Ábhair: | |
| Clibeanna: |
Níl clibeanna ann, Bí ar an gcéad duine le clib a chur leis an taifead seo!
|
MARC
| LEADER | 00000nam a2200000 i 4500 | ||
|---|---|---|---|
| 001 | IT\ICCU\UBO\4795302 | ||
| 003 | ItRI | ||
| 005 | 20260115232211.0 | ||
| 008 | 240514s2024 it |||||| ||||| |||||c | ||
| 015 | |2 IT |a 2024-8035 | ||
| 020 | |a 9791222309071 | ||
| 040 | |b ita |c importazione bologna sebina | ||
| 041 | 7 | |a ita |2 ISO-639-2 | |
| 082 | |a 305.4201 |9 DONNE. RUOLO SOCIALE E CONDIZIONE. Filosofia e teoria |2 23 | ||
| 100 | 1 | |a Zappino, Federico |0 IT\ICCU\RMBV\280518 |4 aut | |
| 240 | 1 | 3 | |a Un materialismo queer è possibile e altri scritti politici |3 IT\ICCU\UBO\4795301 |9 Zappino, Federico |
| 245 | 1 | 3 | |a Un materialismo queer è possibile e altri scritti politici / |c Federico Zappino. |
| 260 | |a Milano ; |a Udine : |b Mimesis, |c ©2024 | ||
| 300 | |a 394 p. ; |c 21 cm | ||
| 500 | |a In parte già pubblicati | ||
| 650 | 7 | |a Transfemminismo |x Teorie |2 nsbncf | |
| 830 | 0 | |a Mimesis |0 IT\ICCU\CFI\0036336 | |
| 942 | |2 ddc |c BK |n 0 | ||
| 952 | |0 0 |1 0 |4 0 |6 DOC_306_700000000000000_ZAP |7 0 |9 21859 |a BO |b BO |d 2026-01-15 |i 21083 |l 0 |o DOC 306.7 ZAP |p BO21083 |r 2026-01-15 23:22:11 |w 2026-01-15 |x [Sebina 5] [1 v.] |y BK |z 1 v. | ||
| 999 | |c 18682 |d 18682 | ||